Normal view
MARC view
- Volsky, A
Entry Personal Name
001 - CONTROL NUMBER
- control field: 5791
003 - CONTROL NUMBER IDENTIFIER
- control field: OSt
005 - DATE AND TIME OF LATEST TRANSACTION
- control field: 20180206105226.0
008 - FIXED-LENGTH DATA ELEMENTS
- fixed length control field: 180206|| aca||aabn | a|a d
040 ## - CATALOGING SOURCE
- Original cataloging agency: OSt
- Transcribing agency: OSt
100 ## - HEADING--PERSONAL NAME
- Personal name: Volsky, A
670 ## - SOURCE DATA FOUND
- Source citation: Work cat.: (OSt): Volsky, A, Stephen the ground the master hand, 1982